Statistics for Richest Men in the World

Click here to take the quiz!

General Stats

  • This quiz has been taken 106 times
    (69 since last reset)
  • The average score is 6 of 15

Answer Stats

RankNet WorthSourceName% Correct
2$90 billionMicrosoftBill Gates
98%
1$112 billionAmazonJeff Bezos
97%
5$71 billionFacebookMark Zuckerberg
86%
3$84 billionBerkshire HathawayWarren Buffett
63%
11$50 billionBloomberg LPMichael Bloomberg
44%
13$48 billionGoogleSergey Brin
42%
8$60 billionKoch IndustriesCharles Koch
39%
12$49 billionGoogleLarry Page
36%
6$70 billionZaraAmancio Ortega
31%
4$72 billionLVMHBernard Arnault
27%
10$59 billionOracleLarry Ellison
27%
8$60 billionKoch IndustriesDavid Koch
22%
7$67 billionGrupo CarsoCarlos Slim Helu
7%
14$46 billionWalmartJim Walton
7%
15$46 billionWalmartS. Robson Walton
5%

Score Distribution

Percentile by Number Answered

Percent of People with Each Score

Your Score History

You have not taken this quiz since the last reset